[Event "BUL-ch sf 76th"]
[Site "Plovdiv"]
[Date "2012.02.12"]
[Round "9"]
[White "Pantev, Tsvetelin"]
[Black "Petrov, Plamen"]
[Result "1-0"]
[WhiteElo "1863"]
[BlackElo "1890"]
[PlyCount "61"]
[EventDate "2012.02.06"]
[EventType "swiss"]
[EventRounds "9"]
[EventCountry "BUL"]
[SourceTitle "CBM 146 Extra"]
[Source "ChessBase"]
[SourceDate "2012.02.29"]
[SourceVersion "1"]
[SourceVersionDate "2012.02.29"]
[SourceQuality "1"]

1. d4 d5 2. Nf3 Nf6 3. g3 e6 4. Bg2 c5 5. c4 cxd4 6. Nxd4 e5 7. Nf3 d4 8. 0-0 Nc6 9. e3 d3 10. Qa4 Bd7 11. Qb3 Qc7 12. Nfd2 0-0-0 13. Qxd3 Bg4 14. Qb3 Be2 15. Re1 Bd3 16. a3 Na5 17. Qa4 a6 18. c5 g5 19. b4 Nc4 20. Nxc4 Bxc4 21. Qc2 Bd3 22. Qb2 h5 23. e4 Rg8 24. Nc3 Ng4 25. Nd5 Rxd5 26. exd5 e4 27. Qd2 Ne5 28. Rxe4 Bxe4 29. Bxe4 Qd7 30. Qc2 Qb5 31. Bb2 1-0

[Event "BUL-ch sf 76th"]
[Site "Plovdiv"]
[Date "2012.02.09"]
[Round "6"]
[White "Pantev, Tsvetelin"]
[Black "Arnaudov, Petar"]
[Result "0-1"]
[WhiteElo "1863"]
[BlackElo "2121"]
[PlyCount "102"]
[EventDate "2012.02.06"]
[EventType "swiss"]
[EventRounds "9"]
[EventCountry "BUL"]
[SourceTitle "CBM 146 Extra"]
[Source "ChessBase"]
[SourceDate "2012.02.29"]
[SourceVersion "1"]
[SourceVersionDate "2012.02.29"]
[SourceQuality "1"]

1. d4 Nf6 2. Nf3 b5 3. g3 Bb7 4. Bg2 e6 5. a4 b4 6. c4 Qc8 7. 0-0 c5 8. Bg5 Be7 9. Nbd2 h6 10. Bf4 g5 11. Be3 Ng4 12. Qc2 d6 13. h3 Nxe3 14. fxe3 Nd7 15. Rf2 Qc7 16. Raf1 0-0-0 17. e4 cxd4 18. Nxd4 Ne5 19. Nb5 Qb6 20. a5 Qe3 21. a6 Bc6 22. Nb3 Rd7 23. N3d4 Bxb5 24. cxb5+ Rc7 25. Nc6 Bd8 26. Kh2 Rf8 27. Qd1 Qc5 28. Nd4 Re8 29. e3 g4 30. Rc2 Qb6 31. Rff2 Ree7 32. Qe1 Rc5 33. Qd1 Rec7 34. hxg4 Bg5 35. Rf4 Rxc2 36. Nxc2 Qc5 37. Rf2 Kd7 38. b3 Ke7 39. Rd2 Qc3 40. Ne1 Qxe3 41. Rxd6 Rc1 42. Qd4 Rxe1 43. Qxe5 Qg1+ 44. Kh3 Re2 45. Rxe6+ fxe6 46. Qc7+ Ke8 47. Qc8+ Kf7 48. Qb7+ Kg6 49. e5 Qxg2+ 50. Qxg2 Rxg2 51. b6 Rf2 0-1

[Event "Sunny Beach op 10th"]
[Site "Sunny Beach"]
[Date "2011.08.30"]
[Round "4"]
[White "Ljangov, Petar"]
[Black "Pantev, Tsvetelin"]
[Result "1/2-1/2"]
[WhiteElo "2099"]
[BlackElo "1824"]
[PlyCount "88"]
[EventDate "2011.08.27"]
[EventType "swiss"]
[EventRounds "9"]
[EventCountry "BUL"]
[SourceTitle "CBM 144 Extra"]
[Source "ChessBase"]
[SourceDate "2011.10.28"]
[SourceVersion "1"]
[SourceVersionDate "2011.10.28"]
[SourceQuality "1"]

1. Nf3 Nf6 2. b3 g6 3. Bb2 Bg7 4. g3 0-0 5. Bg2 d6 6. d4 Nc6 7. 0-0 Rb8 8. c4 a6 9. d5 Na5 10. Qe1 c5 11. Bc3 b6 12. e4 Bg4 13. e5 Nd7 14. Nbd2 Re8 15. Qe3 Bxf3 16. Nxf3 Nxe5 17. Nxe5 Bxe5 18. Bxe5 dxe5 19. Qxe5 Qd6 20. Qc3 Qc7 21. f4 Nb7 22. Qe5 Qd6 23. Rae1 b5 24. Qc3 Qf6 25. Re5 bxc4 26. bxc4 Nd6 27. Rfe1 Rb4 28. Bf1 Reb8 29. Qe3 Nxc4 30. Bxc4 Rxc4 31. Rxe7 Rc2 32. Re8+ Rxe8 33. Qxe8+ Kg7 34. Qe5 Rd2 35. d6 Rxd6 36. Qxc5 Rc6 37. Qf2 Rc3 38. Rb1 Qd6 39. Re1 Rd3 40. Re2 Qd5 41. Re5 Rd1+ 42. Re1 Rd2 43. Re2 Rd1+ 44. Re1 Rd2 1/2-1/2

[Event "BUL-ch sf 75th"]
[Site "Plovdiv"]
[Date "2011.02.12"]
[Round "8"]
[White "Pantev, Tsvetelin"]
[Black "Kukov, Velislav"]
[Result "0-1"]
[WhiteElo "1806"]
[BlackElo "2378"]
[PlyCount "62"]
[EventDate "2011.02.07"]
[EventType "swiss"]
[EventRounds "9"]
[EventCountry "BUL"]
[SourceTitle "CBM 140 Extra"]
[Source "ChessBase"]
[SourceDate "2011.03.01"]
[SourceVersion "1"]
[SourceVersionDate "2011.03.01"]
[SourceQuality "1"]

1. d4 d6 2. Bf4 g6 3. Nf3 Bg7 4. e3 Nf6 5. Be2 0-0 6. h3 c6 7. c4 Nbd7 8. Nc3 c5 9. d5 Qa5 10. 0-0 Nh5 11. Qc2 Nxf4 12. exf4 Nf6 13. Bd3 Nh5 14. Ne2 e6 15. Ng5 exd5 16. cxd5 Qd8 17. h4 h6 18. Ne4 f5 19. N4g3 Qxh4 20. Nxh5 Qxh5 21. g3 Bd7 22. Kg2 g5 23. fxg5 hxg5 24. Rh1 Qf7 25. Nc3 a6 26. a4 Qf6 27. f4 gxf4 28. gxf4 Kf7 29. Rae1 Rh8 30. Kf2 Rh4 31. Qd2 Rah8 0-1

[Event "Kesarovski Georgiev Memorial 9th"]
[Site "Sunny Beach"]
[Date "2010.09.03"]
[Round "7"]
[White "Pantev, Tsvetelin"]
[Black "Valev, Dimitar"]
[Result "1-0"]
[WhiteElo "1747"]
[BlackElo "1966"]
[PlyCount "71"]
[EventDate "2010.08.28"]
[EventType "swiss"]
[EventRounds "9"]
[EventCountry "BUL"]
[SourceTitle "CBM 138 Extra"]
[Source "ChessBase"]
[SourceDate "2010.10.29"]
[SourceVersion "1"]
[SourceVersionDate "2010.10.29"]
[SourceQuality "1"]

1. d4 d5 2. Nf3 c5 3. c4 e6 4. cxd5 exd5 5. Nc3 Nc6 6. Bg5 Be7 7. Bxe7 Ngxe7 8. e3 cxd4 9. Nxd4 0-0 10. Be2 Nf5 11. Nxf5 Bxf5 12. Qxd5 Qf6 13. 0-0 Rad8 14. Qf3 Ne5 15. Qg3 Rd2 16. e4 Bd7 17. Nd5 Qe6 18. Bd1 Rxb2 19. Bb3 Ng6 20. Qc3 Rxb3 21. Qxb3 Bc6 22. Rfe1 Kh8 23. Nb4 Bb5 24. Qxe6 fxe6 25. a4 Bc4 26. Rac1 Ne5 27. Red1 h6 28. Rd4 Be2 29. Rc5 Ng6 30. f3 Nf4 31. Kf2 b6 32. Rc7 a5 33. Nc6 Ba6 34. Ne5 Rc8 35. Rxc8+ Bxc8 36. Rd8+ 1-0

[Event "BUL-ch sf"]
[Site "Plovdiv"]
[Date "2010.01.29"]
[Round "8"]
[White "Pantev, Tsvetelin"]
[Black "Ivanov, Tsvetalin"]
[Result "0-1"]
[WhiteElo "1721"]
[BlackElo "2142"]
[PlyCount "92"]
[EventDate "2010.01.24"]
[EventType "swiss"]
[EventRounds "9"]
[EventCountry "BUL"]
[SourceTitle "CBM 134 Extra"]
[Source "ChessBase"]
[SourceDate "2010.03.03"]
[SourceVersion "1"]
[SourceVersionDate "2010.03.03"]
[SourceQuality "1"]

1. d4 Nf6 2. Nf3 d5 3. c4 c6 4. Nc3 e6 5. Bg5 Nbd7 6. cxd5 exd5 7. e3 Be7 8. Qc2 0-0 9. Bd3 Re8 10. 0-0 h6 11. Bxf6 Bxf6 12. b4 Nf8 13. b5 cxb5 14. Bxb5 Re7 15. Qb3 Be6 16. Bd3 Rc8 17. Rac1 Rec7 18. Ne2 Rxc1 19. Rxc1 Rxc1+ 20. Nxc1 Qc7 21. Qc2 Qxc2 22. Bxc2 Nd7 23. Kf1 Kf8 24. Ke2 Ke7 25. Nb3 Kd6 26. Nfd2 Bd8 27. f3 f5 28. e4 fxe4 29. fxe4 dxe4 30. Nxe4+ Kc6 31. Nc3 Bc4+ 32. Bd3 b5 33. d5+ Kb6 34. Bxc4 bxc4 35. Nd4 Bf6 36. Ke3 Kc5 37. Nde2 Kb4 38. Kd2 Be5 39. h3 Nb6 40. Kc2 Kc5 41. d6 Kxd6 42. Ne4+ Kd5 43. N2c3+ Kd4 44. Nf2 a6 45. Ng4 Bd6 46. Ne2+ Ke4 0-1

[Event "BUL-ch sf"]
[Site "Plovdiv"]
[Date "2010.01.28"]
[Round "7"]
[White "Pantev, Tsvetelin"]
[Black "Stanoev, Atanas"]
[Result "0-1"]
[WhiteElo "1721"]
[BlackElo "2202"]
[PlyCount "88"]
[EventDate "2010.01.24"]
[EventType "swiss"]
[EventRounds "9"]
[EventCountry "BUL"]
[SourceTitle "CBM 134 Extra"]
[Source "ChessBase"]
[SourceDate "2010.03.03"]
[SourceVersion "1"]
[SourceVersionDate "2010.03.03"]
[SourceQuality "1"]

1. d4 Nf6 2. Nf3 g6 3. Bf4 Bg7 4. e3 0-0 5. Be2 d6 6. c4 c6 7. Nc3 a6 8. b4 Nfd7 9. Rc1 a5 10. b5 Qe8 11. h3 e5 12. Bh2 f5 13. 0-0 Qe7 14. Qb3 Kh8 15. Rfe1 Qf6 16. Bf1 Re8 17. Qa3 g5 18. Red1 Bf8 19. Qb2 h5 20. h4 gxh4 21. Na4 Re7 22. c5 e4 23. cxd6 Rg7 24. Ne5 h3 25. f4 exf3 26. Nxf3 Bxd6 27. Bxd6 Qxd6 28. Qf2 Qa3 29. Nc3 hxg2 30. Bxg2 Nf6 31. Ne5 Be6 32. Kf1 Nbd7 33. Nb1 Qd6 34. bxc6 Rag8 35. c7 Nb6 36. Qh4 Ne4 37. Bxe4 fxe4 38. Qxh5+ Rh7 39. Nc6 Rg6 40. Qe5+ Qxe5 41. dxe5 Rh1+ 42. Kf2 Rh2+ 43. Kf1 Bh3+ 44. Ke1 Rg1# 0-1

[Event "BUL-ch sf"]
[Site "Plovdiv"]
[Date "2010.01.27"]
[Round "5"]
[White "Milchev, Nikolay"]
[Black "Pantev, Tsvetelin"]
[Result "1-0"]
[WhiteElo "2382"]
[BlackElo "1721"]
[PlyCount "101"]
[EventDate "2010.01.24"]
[EventType "swiss"]
[EventRounds "9"]
[EventCountry "BUL"]
[SourceTitle "CBM 134 Extra"]
[Source "ChessBase"]
[SourceDate "2010.03.03"]
[SourceVersion "1"]
[SourceVersionDate "2010.03.03"]
[SourceQuality "1"]

1. d4 Nf6 2. Nf3 g6 3. c4 Bg7 4. Nc3 0-0 5. e4 d6 6. h3 Na6 7. Be3 e5 8. d5 Nh5 9. Ng1 Qe8 10. a3 f5 11. b4 Bd7 12. Be2 Nf6 13. g4 Nxe4 14. Nxe4 fxe4 15. Bf1 c6 16. dxc6 bxc6 17. Qxd6 Rf6 18. Qd2 Bf8 19. Ne2 Rd6 20. Qc2 Nc7 21. Qxe4 a5 22. Rb1 axb4 23. axb4 c5 24. b5 Nxb5 25. cxb5 Bxb5 26. Nc3 Bc6 27. Qc4+ Kh8 28. Rg1 Bf3 29. Be2 Rd4 30. Qb5 Bc6 31. Qb6 Rdd8 32. Bb5 Bxb5 33. Qxb5 Qf7 34. Ke2 Bg7 35. Rgd1 e4 36. Nxe4 Ra2+ 37. Rd2 Raxd2+ 38. Nxd2 Qa2 39. Qb6 Rxd2+ 40. Bxd2 Qc4+ 41. Kf3 Qd5+ 42. Kg3 Be5+ 43. Bf4 Qd3+ 44. f3 Bxf4+ 45. Kxf4 Qd4+ 46. Kg3 Qe5+ 47. f4 Qe3+ 48. Kh4 Qf2+ 49. Kg5 h6+ 50. Kxg6 Qc2+ 51. f5 1-0

[Event "BUL-ch sf"]
[Site "Plovdiv"]
[Date "2010.01.27"]
[Round "6"]
[White "Vutov, M Mario"]
[Black "Pantev, Tsvetelin"]
[Result "1-0"]
[WhiteElo "2331"]
[BlackElo "1721"]
[PlyCount "112"]
[EventDate "2010.01.24"]
[EventType "swiss"]
[EventRounds "9"]
[EventCountry "BUL"]
[SourceTitle "CBM 134 Extra"]
[Source "ChessBase"]
[SourceDate "2010.03.03"]
[SourceVersion "1"]
[SourceVersionDate "2010.03.03"]
[SourceQuality "1"]

1. e4 e5 2. Nf3 Nc6 3. Bb5 a6 4. Ba4 Nf6 5. 0-0 Be7 6. Re1 b5 7. Bb3 0-0 8. h3 d5 9. exd5 Nxd5 10. Nxe5 Nxe5 11. Rxe5 c6 12. d3 Bd6 13. Re1 Qf6 14. Bxd5 cxd5 15. Nc3 Be6 16. Qh5 Bb4 17. Bd2 Qg6 18. Qxg6 hxg6 19. a3 Bxc3 20. Bxc3 a5 21. f4 Rfc8 22. Re2 Rc6 23. Kf2 a4 24. g4 Rac8 25. Ke3 f6 26. Kd4 Kf7 27. Rae1 Rd8 28. Rf1 f5 29. g5 Rh8 30. Rf3 Rhc8 31. Rfe3 Rh8 32. Be1 Rhc8 33. Re5 Rh8 34. R2e3 Re8 35. Re2 Rh8 36. h4 Rh7 37. Rxd5 Bxd5 38. Kxd5 Ra6 39. Kc5 Rh8 40. Bc3 Rxh4 41. Be5 Re6 42. Rd2 Rh8 43. Kxb5 Rxe5+ 44. fxe5 Rb8+ 45. Kc6 Rc8+ 46. Kd7 Ra8 47. e6+ Kg8 48. d4 Ra7+ 49. Kd6 Kf8 50. d5 Ra6+ 51. Ke5 Ra5 52. c4 Ke7 53. Rh2 Rc5 54. Rh8 f4 55. Rg8 f3 56. Rxg7+ Ke8 1-0